| 000 | 00936nam a2200265 a 4500 | ||
|---|---|---|---|
| 001 | BRCA_4967 | ||
| 005 | 20190320204900.0 | ||
| 008 | 820603s1928 mx-ab#####---#000-0#spa-# | ||
| 041 | _aspa | ||
| 044 | _amx | ||
| 050 | 4 |
_aF1256 _b.P35 1928 |
|
| 100 | 1 |
_aPalacios, Enrique Juan _912635 |
|
| 245 | 1 | 0 |
_aEn los confines de la selva lacandona _bexploraciones en el estado de Chiapas, mayo-agosto 1926 _cEnrique Juan Palacios. |
| 260 |
_aMéxico _bSEP, Talleres Gráficos de la Nación _c1928 |
||
| 300 |
_a215 p. _bil. (algunas a color), láminas, planos, mapas _c34 cm. |
||
| 500 | _aContribución de México al XXIII Congreso de Americanistas | ||
| 500 | _aDD5 | ||
| 504 | _aBibliografía: p. 215 | ||
| 650 | 1 | 4 |
_aArqueología _zMéxico _912636 |
| 650 | 1 | 4 |
_aLacandones _xSelva _zMéxico _912637 |
| 651 | 4 |
_aMéxico _xExcavaciones arqueológicas _912638 |
|
| 651 | 4 |
_aChiapas _xAntigüedades _912639 |
|
| 902 | _aGFM | ||
| 942 |
_2lcc _cB |
||
| 999 |
_c4661 _d4661 |
||